000 00805cai a2200253 4500
008 090401t1992 xxu||||| |||| 00| 0 eng d
020 _a0117525553
035 _a(Sirsi) u56571
041 _aeng
050 _a711.1
110 _aUnited Kingdom
_bDepartment of the Environment
_9982
245 _aPlanning policy guidance: outdoor advertisement control.
260 _aLondon
_bHMSO
_c1992
300 _a(8)p. ; 30cm.
350 _a1.95
490 _aPPG
_v19
650 _aADVERTISEMENTS
650 _aPLANNING CONTROL
650 _aPPG19
690 _aPLANNING LAW AND PRACTICE
710 _aUnited Kingdom
_bWelsh Office
_91214
856 4 0 _uhttps://www.communities.gov.uk/documents/planningandbuilding/pdf/147495.pdf
_zView the item free of charge at www.communities.gov.uk
942 _n0
999 _c119417
_d119417